Macroeconomics (Record no. 25941)

MARC details
000 -LEADER
fixed length control field 00457nam a22001937a 4500
005 - DATE AND TIME OF LATEST TRANSACTION
control field 20230712140358.0
008 - FIXED-LENGTH DATA ELEMENTS--GENERAL INFORMATION
fixed length control field 230712b |||||||| |||| 00| 0 eng d
020 ## - INTERNATIONAL STANDARD BOOK NUMBER
ISBN 9781429240024
082 ## - DEWEY DECIMAL CLASSIFICATION NUMBER
Classification number 339
Item number MAN-M
100 ## - MAIN ENTRY--AUTHOR
Author Name Mankiw;N.Gregory
245 ## - TITLE STATEMENT
Title Macroeconomics
250 ## - EDITION STATEMENT
Edition statement 8th ed.
260 ## - PUBLICATION, DISTRIBUTION, ETC.
Place of Publication New York
Name of publisher, distributor, etc. Worth Publishers
Date of publication, distribution, etc. 2014
300 ## - PHYSICAL DESCRIPTION
Pages 625
500 ## - GENERAL NOTE
General note Index Given
650 ## - SUBJECT ADDED ENTRY--TOPICAL TERM
Subject / Department Economics
700 ## - ADDED ENTRY--PERSONAL NAME
Personal name N.Gregory Mankiw
952 ## - LOCATION AND ITEM INFORMATION (KOHA)
-- 0
-- 0
952 ## - LOCATION AND ITEM INFORMATION (KOHA)
-- 0
-- 0
Holdings
Lost status Damaged status Collection code Permanent Location Current Location Shelving Location Date acquired Full Call Number Accession No./Barcode Date last seen Copy number item type Koha item type
    Economics/Commerce Superior Information Resource Center (SIRC) Superior University - City Campus Superior Information Resource Center (SIRC) Superior University - City Campus Economics 07/12/2023 339 HAL-M 2014 20062 07/12/2023 1 BOOK BOOK
    Economics/Commerce Superior Information Resource Center (SIRC) Superior University - City Campus Superior Information Resource Center (SIRC) Superior University - City Campus Economics 07/12/2023 339 HAL-M 2014 20063 07/12/2023 2 BOOK BOOK

Powered by Koha